| 000 | 00699nam a22002177a 4500 | ||
|---|---|---|---|
| 005 | 20141211121738.0 | ||
| 010 | _aBAC-CH25 | ||
| 020 |
_a9780439902557 _c150.00 |
||
| 035 | _aB-559523-553 | ||
| 035 | _aG-002833 | ||
| 037 | _bUBH/Ven | ||
| 082 | _aS | ||
| 100 | _aAbbott, Tony | ||
| 245 |
_aThe Secrets of Droon: _cby Tony, Abbott _bMoon Magic / |
||
| 260 |
_aNewYork _bScholastic Inc. _c2012 |
||
| 270 |
_a557 Broadway _bNew York _eNY 10012 |
||
| 300 |
_a165p. _c19cm(pbk) _bill. |
||
| 942 |
_cCH _2ddc _mABB _hS |
||
| 999 |
_c85926 _d85926 |
||